| 000 | 00482nam a22001577a 4500 | ||
|---|---|---|---|
| 005 | 20250131122141.0 | ||
| 008 | 250131b |||||||| |||| 00| 0 eng d | ||
| 020 | _a9780273612452 | ||
| 050 |
_aHG4028 _b.C4 MOR |
||
| 100 | _aMoran, Kate | ||
| 245 |
_aInvestment appraisal for non-financial managers; _ba step-by-step guide to making profitable decisions |
||
| 260 |
_aLondon _bPitman Publishing _cc1995 |
||
| 300 |
_aix, 221p; _bil.; |
||
| 500 | _aIncludes index | ||
| 942 |
_2lcc _cBK _n0 |
||
| 999 |
_c3286 _d3286 |
||